[Event "Sinquefield Cup"]
[Site "St Louis"]
[Date "2022.09.08"]
[Round "6.2"]
[White "Niemann, Hans Moke"]
[Black "So, Wesley"]
[Result "0-1"]
[WhiteElo "2688"]
[BlackElo "2771"]
[EventDate "2022.??.??"]
[Annotator "Bojkov,Dejan"]
[PlyCount "118"]
[Beauty "6461912516139"]
[EventCountry "USA"]
[WhiteTeam "United States"]
[BlackTeam "United States"]
[WhiteTeamCountry "USA"]
[BlackTeamCountry "USA"]

1.e4 e5 2.Nf3 Nf6 {So noticed that his opponent has thousands of games against 2...Nc6 in the database, but very few with 2...Nf6. \"We had a rest day yesterday and Hans prepares extremely well the openings, so why not the Petroff $6\"} ( {Despite the fact that So rarely plays the Petroff he should have felt pretty confident, as the arising pawn structures were familiar to him thanks to his Berlin experience. One example:} 2...Nc6 3.Bb5 Nf6 4.O-O Nxe4 5.Re1 Nd6 6.Nxe5 Be7 7.Bf1 Nf5 8.Nf3 d5 9.d4 O-O 10.c3 Bd6 11.Bd3 Re8 12.g3 Rxe1+ 13.Qxe1 Nfe7 14.Nbd2 Bf5 15.Qe2 Qd7 16.Nf1 Re8 17.Ne3 Bxd3 18.Qxd3 Nd8 19.Bd2 c6 20.Re1 f6 21.Nf5 Nxf5 22.Rxe8+ Qxe8 {and a draw later in Tari,A (2639)-So,W (2772) chess24.com 2021} ) 3.Nxe5 d6 4.Nf3 Nxe4 5.d4 d5 6.Bd3 Bf5 {Black solves the problem of his most problematic piece. A very good sign for the second player.} 7.O-O Be7 8.Re1 O-O 9.Nbd2 {Main theory so far as expected.} 9...Nd6 10.Nf1 c6 ( {Instead:} 10...Bg6 11.Bf4 Nd7 {has been tried in another top-GM game and after} 12.Ng3 Re8 13.c3 Nf8 14.Bxg6 hxg6 15.Qc2 Qc8 16.Qb3 Nc4 17.Nf1 Ne6 18.Bg3 c5 {it was dynamically balanced in Aronian,L (2775)-Xiong,J (2690) Saint Louis 2022} ) 11.Bf4 Bxd3 12.Qxd3 Na6 {Looks like the best path for the knight.} ( {A creative GM chose instead} 12...Nd7 13.Qb3 Nb6 14.a4 Nbc4 {and Black held this, although the knight's position seemed a tad artificial in Esipenko,A (2677)-Duda,J (2743) Wijk aan Zee 2021} ) 13.Ne3 Nc7 {[#]} 14.b3 $146 {This is a novelty, and a logical one. Niemann prepares the c2-c4 advance, the only realistic chance to put the opponent's center under pressure.} ( {Black felt confidently in the predecessor:} 14.Re2 Ne6 15.Bxd6 Bxd6 16.g3 Qd7 17.Rae1 Rae8 18.b3 Nc7 19.c4 Bb4 {Anand,V (2767)-Yu,Y (2738) Stavanger 2019} ) 14...Ne6 15.Be5 {So assumed that his opponent's opening preparation ended here.} 15...Ne4 $1 {A nice maneuver $1 \"Black's only problem is the d5 -pawn.\"} 16.c4 Nf6 {\"I thought this equalizes well.\" (So)} 17.Rad1 ( {Another idea was} 17.Qf5 g6 18.Qh3 {(So) in order to try and organize some play on the kingside, but Black should be very solid there as well.} ) ( 17.g3 $5 {at once also made sense.} ) 17...g6 18.g3 {Covers the f4 square in advance, and prepares the double trade on f6 and d5.} ( {Black carefully checked if he is not mated after} 18.Nf5 gxf5 19.Nh4 Ne4 20.Nxf5 {and came to the conclusion that the attack is insufficient after both} 20...Bf6 ( {Or} 20...f6 ) ) ( {And in case of} 18.Bxf6 Bxf6 19.cxd5 Nf4 20.Qe4 {\"completely equal.\" (So)} ) 18...a6 19.Re2 Re8 20.h4 {A very risky attempt to play for the win. \"I thought this move a blunder because after:\"} ( {If Niemann was content with the draw, he would have instead chosen} 20.Bxf6 Bxf6 21.cxd5 cxd5 22.Ng4 Bg7 {with approximate equality.} ) 20...Nh5 {\"his bishop is getting trapped.\" (So)} 21.cxd5 {Played after more than twenty-three minutes of thought. It was evident that Niemann had missed something.} ( {After} 21.Ng4 {Black planned} 21...f6 22.Rde1 Bf8 $1 {with an edge.} ( {But not the other move suggested by So} 22...Qd7 {due to} 23.c5 $1 {and the bishop is immune} 23...fxe5 $2 24.Nfxe5 Qc8 25.Nxg6 $1 {simply crushes Black.} ) ) 21...cxd5 22.Ng2 {The most natural reaction is not the best one.} ( {The fabulous defense} 22.b4 $3 {was suggested by the engine and the online commentators (Svidler, Seirawan, Ramirez), with the main points that after} 22...Qd7 ( 22...f6 23.Qb3 $1 fxe5 24.Nxd5 {is fact more than dangerous for Black.} ) 23.Qb3 Rad8 24.Rde1 f6 {The bishop suddenly goes numb} 25.Bb8 $3 {with equality, since none can do anything to it} 25...Rxb8 $2 26.Nxd5 $1 {and again White takes over.} ) 22...f6 23.Bb8 {Same trick here is simply ignored with} 23...Kf7 {And White has no other choice but to weaken his kingside with} 24.g4 Qxb8 25.gxh5 Nf4 26.Nxf4 ( {Once again So calculated everything neatly and was not afraid of the aggressive} 26.hxg6+ hxg6 27.Ne5+ fxe5 28.Nxf4 exf4 29.Rde1 {Due to the cool} ( 29.h5 Rg8 $1 ) 29...Qc8 $1 {\"probably the only move that wins.\" (So)} ( {Indeed} 29...Qd6 30.h5 $1 {is likely a draw according to the quick machine check.} ) ) 26...Qxf4 27.hxg6+ hxg6 28.Rde1 Bd6 {Now that Black relives the pressure along the d-file, he is clearly better in the endgame.} 29.Rxe8 Rxe8 30.Rxe8 Qg4+ 31.Kf1 Kxe8 32.a4 Kf7 {\"I thought the endgame was unpleasant (for White) but it was not clear if was gonna win.\" (So)} 33.Qe3 Bf4 {Missing his best plan, for which So regretted later.} ( {He realized later that the knight should have been controlled with} 33...Bb4 $1 {(intending Qg4-e4 and Kf7-e6-f5 $1), when a possible line like} 34.Ke2 Qe4 35.Qxe4 dxe4 36.Ng1 Ke6 37.Ke3 {would have led to an endgame, similar to the actual game.} ) 34.Qd3 Qh3+ 35.Ke2 Qe6+ 36.Kf1 Qe4 37.Qc3 $1 {That is the difference, if the black bishop stood on b4-square, this counterplay would not have been possible.} 37...Bd6 38.Kg2 ( 38.Ne1 $1 {might have been more precise as White needs not to worry} 38...Qxh4 39.Qc8 $1 ) 38...Qg4+ 39.Kf1 Ke7 40.Ng1 Qf5 41.Qe3+ Qe4 {And just when Niemann came that close to the draw...} 42.Ke2 {\"I thought this is a serious blunder.\" (So)} ( {White would have likely survived after} 42.Ne2 $1 Ke6 43.Qh3+ f5 44.h5 $1 ) 42...Bh2 $3 {So needs to trade the queens but he needs them out on his own terms. The move in the text looks very illogical as it chases the knight towards the center, but it is far more important that this same knight will block its own pawn.} ( {Apparently the younger player only concentrated on the line} 42...Bf4 43.Qxe4+ dxe4 44.f3 {with chances to hold.} ) 43.Nf3 ( 43.Nh3 Kd6 $1 44.Kf1 Qg4 {is equally hopeless for White as all his pieces are dominated.} ) 43...Bf4 $1 {Now this is good.} 44.Qxe4+ dxe4 45.Ne1 Ke6 46.Ng2 ( {In comparison to the line from above Black won a couple of valuable tempoes and} 46.f3 {is well met with} 46...Kd5 ) 46...Bb8 {A very concrete approach.} ( 46...Bh6 47.Ne3 f5 {should also do.} ) 47.Ne3 Ba7 {White cannot hold all his weaknesses.} 48.d5+ Kd6 49.Ng2 Ke5 50.d6 Kxd6 51.Nf4 g5 52.hxg5 fxg5 53.Nh3 g4 54.Ng5 Ke5 55.Nf7+ Kf4 56.Kf1 ( 56.Nd8 e3 $1 ) 56...Bb6 $1 57.Nd6 ( 57.Kg2 Bc7 $1 {traps the knight.} ) 57...Kf3 58.Nc4 Bxf2 {A nice finish $1} 59.Nd2+ Kf4 0-1

[Event "Chess.com Global Championship Knockout"]
[Site "Chess.com"]
[Date "2022.10.02"]
[Round "3"]
[White "So, Wesley"]
[Black "Xiong, Jeffery"]
[Result "1-0"]
[WhiteElo "2771"]
[BlackElo "2690"]
[EventDate "2022.??.??"]
[Annotator "rafael"]
[PlyCount "69"]
[Beauty "8041789404168"]
[EventType "team-tourn"]
[TimeControl "900+2"]

{So and Xiong are two great chess players and the match between them was very close with two wins each during normal time. So's victory in the first game was his best in the match.} 
1.e4 c6 2.d4 d5 3.exd5 {When Bobby Fischer played this variation, no one paid much attention to it, but it looks like he was many years ahead of his time. Check the wonderful game Fischer vs. Petrosian, Belgrade 1970.} 3...cxd5 4.Bd3 Nf6 5.c3 Bg4 6.Qb3 Qc7 {A natural move, although the queen will have some problems on that square, as we will see later.} 7.h3 Bh5 {A pawn sacrifice.} ( 7...Bd7 {has been played by some very strong chess players.} ) 8.Ne2 {So decides to play solid.} ( 8.g4 {is a critical move. Computers like White's position, but Black's results in practice are excellent.} 8...Bg6 9.Bxg6 hxg6 10.g5 Nfd7 11.Qxd5 Nc6 12.Ne2 e5 13.Be3 {with a complicated game. Black has decent compensation for the pawn.} ) 8...Bxe2 {A natural move, after all the h5-bishop may have some problems with the g4-advance or an attack with the knight. White's surprising next move, however, guarantees an advantage. The alternatives 8...Nc6 and 8...e6 are better.} ( 8...Nc6 ) ( 8...e6 ) 9.Bf4 $1 {A new move. Is it possible that So had this move prepared $2 This is a nice intermediate move that develops the bishop exploiting a tactical idea.} ( 9.Bxe2 e6 {With a normal position.} ) 9...Qd7 ( 9...Qxf4 $2 10.Qxb7 Bxd3 $2 11.Qc8# ) 10.Bxe2 Nc6 11.Nd2 {The opening was a success for White. So has the bishop pair and better development. The knight now heads towards the e5-square, causing problems for the queen on d7.} 11...e6 12.Nf3 {The position is difficult and Xiong decides to sacrifice a pawn. Objectively, however, there is not enough compensation.} 12...Bd6 $2 ( 12...Be7 13.Ne5 {is unpleasant.} ) ( 12...a6 {This is a better move, minimizing the effects of Ne5, but White has an advantage after} 13.Ne5 Nxe5 14.dxe5 Ne4 15.c4 $1 ) 13.Bxd6 Qxd6 14.Qxb7 Rb8 15.Qa6 O-O ( 15...Rxb2 $2 {This move loses material due to} 16.Bb5 ) 16.Rb1 Ne4 17.O-O f5 18.Qa4 ( 18.Qd3 {It seems best to bring the queen closer to the king with this move.} ) 18...Ne7 ( 18...g5 $1 {is possible, trying a desperate attack.} ) 19.Ne5 $6 ( 19.c4 $1 {is correct, starting the advance of the pawns on the queenside.} 19...Ng6 20.c5 ) 19...Rb7 $6 ( 19...Nd2 $2 20.Nd7 ) ( 19...Ng6 $1 {is the best move.} 20.Nxg6 ( 20.Nd7 $2 Nf4 ) 20...hxg6 21.Qc2 Qf4 $1 22.Rbd1 g5 {followed by g4, with some compensation.} ) 20.Qc2 Ng6 21.Nxg6 hxg6 22.Bd3 $1 {Now White is ready to capture the knight that is so disturbing. The position is winning, since Black is a pawn down and has a damaged pawn structure.} 22...g5 23.Rbe1 Rfb8 24.b3 Rc7 25.Bxe4 dxe4 ( 25...fxe4 26.f3 {with a winning position.} ) 26.Qd2 Qf4 27.Re3 Rbc8 28.Rd1 Kh7 29.Qe1 g4 30.hxg4 Qxg4 31.Rh3+ Kg8 32.f3 $1 Qg6 33.fxe4 fxe4 34.c4 Qg4 35.Rh4 {The e4-pawn falls.} 1-0

[Event "Chess.com Global Championship Knockout"]
[Site "Chess.com"]
[Date "2022.10.12"]
[Round "3"]
[White "Nepomniachtchi, Ian"]
[Black "Radjabov, Teimour"]
[Result "0-1"]
[WhiteElo "2793"]
[BlackElo "2747"]
[EventDate "2022.??.??"]
[Annotator "rafael"]
[PlyCount "64"]
[Beauty "8250095351835"]
[EventType "team-tourn"]
[TimeControl "900+2"]

1.d4 Nf6 2.c4 e6 3.Nc3 Bb4 4.f3 {One of the most aggressive variations to face the Nimzo-Indian Defense.} 4...c5 {This is a very popular move these days, although there is nothing wrong with the old 5...d5 move.} ( 4...d5 ) 5.d5 d6 6.e4 O-O ( 6...b5 $5 {is also a move with many supporters.} ) 7.Bf4 $2 $146 {A strange new move, which immediately leads to trouble for White. It's hard to say why Nepomniachtchi chose it.} ( 7.Ne2 {is the main move. A recent example:} 7...b5 8.Nf4 exd5 9.Nxd5 Nxd5 10.Qxd5 Qb6 $1 11.cxb5 Bb7 12.Qd2 d5 {with a chaotic position and chances for both sides. Caruana - Sevian, Riga 2021.} ) 7...Re8 ( 7...exd5 {is even better. Black has a powerful initiative after} 8.cxd5 Nh5 9.Be3 f5 ) 8.dxe6 {Another compromising move.} ( 8.Ne2 {looks more solid, although Black is doing very well after} 8...exd5 9.cxd5 Nh5 {followed by 10...f5.} ) 8...Bxe6 9.Bd3 {Taking the pawn on d6 doesn't help White either.} ( 9.Qxd6 Qa5 {with brutal compensation for the pawn.} ) ( 9.Bxd6 Nc6 ) 9...Nc6 10.Ne2 Ne5 $6 ( 10...Nh5 {is more accurate, avoiding the exchange of the bishop for the knight.} ) 11.b3 $6 ( 11.Bxe5 $1 {This is an ugly and difficult move to play, but it's the best option to neutralize Black's initiative.} 11...dxe5 12.Qc2 {With chances to balance the game, since White is close to installing the knight on d5.} ( 12.O-O Bxc3 $1 13.Nxc3 Qd4+ 14.Rf2 Bxc4 {and Black wins a pawn.} ) ) 11...Nh5 12.Bg3 $2 ( 12.Bxe5 {once again, it's necessary to resort to this ugly move.} ) 12...Nxg3 13.hxg3 Qg5 {Black could immediately play two ideas that will be shown later: put the queen on f6 or blow up the position with the b5 and d5 breaks.} ( 13...Qf6 14.Rc1 b5 $1 {With similar play to the game.} ) ( 13...b5 $1 {is the most forceful.} 14.cxb5 c4 15.bxc4 Qb6 {with a devastating initiative, thanks to the dark squares.} ) 14.Qd2 ( 14.f4 $2 Bxc3+ 15.Kf1 ( 15.Nxc3 Qxg3+ ) 15...Qf6 16.Nxc3 Nxc4 $1 17.bxc4 Qxc3 {and Black wins material.} ) 14...Qf6 15.Rc1 ( 15.O-O {The white king finds no refuge even after castling.} 15...b5 $1 16.cxb5 $6 c4 $1 17.bxc4 Bc5+ {and the black bishop enters the attack, deciding the game.} ) 15...b5 $1 {It's necessary to destroy the white center to exploit the advantage in development.} 16.cxb5 ( 16.f4 {would be better.} ) 16...d5 $1 17.exd5 Nxd3+ 18.Qxd3 Bf5 19.Qd2 Re5 $1 {A very accurate move.} 20.O-O ( 20.Kf2 Rae8 ( 20...c4 {This is also very good.} 21.bxc4 Bc5+ 22.Nd4 Rae8 23.Rhd1 Re3 $1 {with a decisive attack.} ) 21.Rhe1 c4 $1 22.bxc4 Bc5+ 23.Kf1 Be3 {with a massacre.} ) ( 20.f4 Ree8 {and now the bishop has the g4-square.} ) 20...Rxe2 $1 21.Qxe2 Bxc3 22.Rxc3 {Otherwise, the bishop is brought to d4.} 22...Qxc3 {Black has a decisive material advantage, and Radjabov doesn't give his opponent any chance of redemption.} 23.Rd1 Kf8 $1 {With the idea of taking the rook to e8.} 24.d6 Re8 25.Qf2 Bd7 26.Kh2 Re6 27.g4 g5 $1 {A classy move, avoiding the f3-f4 advance.} ( 27...Qe5+ 28.f4 ) 28.a4 Qe5+ 29.Kg1 Rxd6 30.Rc1 Rd4 31.Qc2 Kg7 32.Qxc5 Rd1+ {A well-known tactical shot decides the game.} ( 32...Rd1+ 33.Rxd1 ( 33.Kf2 Qe1# ) 33...Qxc5+ ) 0-1

[Event "U.S. Chess Championship 2022"]
[Site "Chess.com"]
[Date "2022.10.08"]
[Round "4"]
[White "Niemann, Hans Moke"]
[Black "Caruana, Fabiano"]
[Result "0-1"]
[WhiteElo "2699"]
[BlackElo "2763"]
[EventDate "2022.??.??"]
[Annotator "rafael"]
[PlyCount "160"]
[Beauty "5291823333898"]
[EventType "swiss"]
[EventRounds "11"]
[TimeControl "5400+30"]

1.d4 Nf6 2.c4 e6 3.Nc3 Bb4 4.Qc2 O-O 5.a3 Bxc3+ 6.Qxc3 d5 7.Bg5 h6 {7...dxc3 and 7...c5 are popular alternatives.} ( 7...dxc4 ) ( 7...c5 8.dxc5 d4 ) 8.Bxf6 ( 8.Bh4 {is imprecise because Black gets a good game after} 8...c5 $1 9.dxc5 d4 {and the insertion of h6-Bh4 favors Black, compared to normal lines.} ) 8...Qxf6 9.Nf3 dxc4 10.Qxc4 Nc6 11.Qc3 {This move is necessary to fight the e6-e5 advance. All this is still theory.} 11...Re8 12.Rd1 e5 $1 13.d5 Nb8 14.e3 ( 14.Qxc7 {Of course, accepting the pawn is not a good idea.} 14...Na6 {with a lot of compensation.} ) 14...Bf5 {The computer's favorite move. Caruana, as always, shows impeccable preparation.} ( 14...Bg4 15.Be2 Nd7 16.O-O Bxf3 17.Bxf3 e4 18.Qxc7 $1 exf3 19.Qxd7 fxg2 20.Rfe1 Qxb2 {and Black can probably equalize.} ) 15.Be2 Nd7 16.O-O Rac8 17.a4 {A new and somewhat strange move. Niemann spent some time here, so I believe this was not preparation.} ( 17.Bb5 {Has already been played.} 17...a6 18.Bxd7 Bxd7 19.Nd2 {with equal chances.} ) 17...c6 18.d6 {A brave move. The d6-pawn is passed, but it can also become a weakness.} ( 18.dxc6 Rxc6 19.Qb4 {and Black's position is a little more comfortable, but nothing too worrisome.} ) 18...Rcd8 19.a5 {White's idea pops up. The pawn heads for a6, breaking Black's structure.} 19...Bg4 20.h3 $2 {This move leads to problems.} ( 20.Qb4 $1 {is necessary with an equal position after} 20...e4 21.Nd4 ) 20...Bxf3 $1 21.gxf3 {A sad necessity. The endgame is much better for Black after 21.Bxf3.} ( 21.Bxf3 e4 $1 {The d6-pawn will be lost sooner or later.} ) 21...Nf8 22.Qb4 $2 ( 22.a6 $1 {is the best chance, for example:} 22...bxa6 23.Qxc6 Re6 24.Qxa6 Rexd6 25.Qxa7 Qh4 26.Rxd6 Rxd6 27.Kh2 Rd2 28.Qa6 Rxb2 {and the material is greatly reduced. White must get the draw.} ) 22...Rd7 {Now Caruana has a much better position.} 23.Rd2 Ng6 $2 {Here and in the next moves, it would be better to play a7-a6 and avoid White's counterplay on the queenside.} ( 23...a6 $1 ) 24.Rfd1 ( 24.a6 $1 {White should have taken the chance to advance the pawn.} ) 24...Nh4 ( 24...a6 $1 ) 25.Qg4 Re6 26.Kf1 Nf5 27.a6 $1 bxa6 28.Bxa6 $6 ( 28.Qe4 $1 {Is a pretty straight path to equality.} 28...Rdxd6 29.Rxd6 Nxd6 30.Qxc6 ) 28...Rdxd6 29.Rxd6 Nxd6 30.Bd3 $2 ( 30.Qb4 {is better.} ) 30...g6 31.h4 h5 32.Qg3 Kg7 {Black has a solid extra pawn, and White's queen is misplaced. The position is winning, but we still have some adventures.} 33.e4 Qe7 ( 33...Nb5 {is the clearest path to victory.} ) 34.Qg5 Qb7 35.Qc1 Qb4 ( 35...Rf6 $1 36.Kg2 Qb3 {with a winning position.} ) 36.Qd2 Qxd2 37.Rxd2 Kf6 $6 ( 37...Nb5 $1 38.Bxb5 cxb5 {and the computer indicates Black's victory. Not all rook endings are drawn $1} ) 38.b4 g5 $6 {now the win becomes problematic.} ( 38...Nb5 $1 ) 39.Ra2 $1 {White finally gets some counterplay.} 39...Nc8 40.Ba6 Nd6 41.Be2 Nc8 42.f4 $5 {Niemann surprisingly decides not to repeat moves.} ( 42.Ba6 Nb6 {Caruana would probably try this, but White has good drawing chances.} ) 42...gxh4 43.Bxh5 Nd6 44.Rxa7 ( 44.fxe5+ {is more accurate.} 44...Rxe5 45.Bf3 Nxe4 46.Kg2 {and the draw is close.} ) 44...exf4 45.f3 Re5 46.Bg4 Nc4 47.Kg2 $2 {After this mistake Black is winning again, and this evaluation doesn't change anymore. A theoretical draw could be reached after} ( 47.Ra6 $1 Ne3+ 48.Kf2 Nxg4+ ( 48...Rb5 49.Rxc6+ Kg7 50.Bh3 Rxb4 51.Rc5 ) 49.fxg4 Rxe4 50.Rxc6+ Kg5 51.Rc7 Rxb4 52.Rxf7 Kxg4 53.Rg7+ {and this position is a famous draw, even though Black has two extra pawns.} ) 47...Rb5 {Now Black has time to bring the knight to e5, defending the c6-pawn.} 48.Ra4 Ne5 49.Kh3 Kg5 50.Ra8 Rxb4 51.Rh8 Kf6 52.Rh5 Rb5 53.Rf5+ Ke7 54.Bh5 ( 54.Rxf4 Nd3 55.Rf5 Rxf5 56.Bxf5 c5 {and the c-pawn decides the game.} ) 54...Ng6 ( 54...Ke6 {with the idea of advancing the c-pawn that leads to an easy victory, for example:} 55.Rxf4 Nd3 $1 56.Bxf7+ Ke7 {and the bishop is lost.} ) 55.Bxg6 fxg6 56.Rxf4 g5 57.Rg4 {You always have to be careful in rook endings, but Caruana shows good technique.} 57...Kf6 58.f4 Rb3+ 59.Kh2 Rb2+ 60.Kh3 Rb3+ 61.Kh2 gxf4 62.Rxf4+ Ke5 63.Rxh4 Re3 {As the tablebase is quick to show, Black is winning.} 64.Rh6 Rc3 65.Kg2 ( 65.Rh4 Kd4 66.Kg2 Re3 $1 {and white's king is too far away.} ) 65...Kxe4 66.Rd6 Ke3 67.Re6+ Kd2 68.Rd6+ Kc2 69.Kf2 c5 70.Rc6 Kd2 71.Rc8 c4 72.Rc7 Rc2 73.Rd7+ Kc3+ 74.Ke1 ( 74.Ke3 Rc1 75.Ke2 Kc2 $19 ) 74...Rh2 75.Kd1 Rh1+ 76.Ke2 Kc2 77.Rd2+ Kb3 78.Rd8 c3 79.Rb8+ Kc2 80.Ra8 Rh7 {The game will soon arrive at the famous Lucena position. Niemann decides to resign before that.} 0-1